| 000 | 00360nam a2200157Ia 4500 | ||
|---|---|---|---|
| 008 | 210210b1934 xxu||||| |||| 00| 0 eng d | ||
| 041 | _aeng | ||
| 082 | _a515/42 | ||
| 100 | _aDURELL (C V) | ||
| 245 | _aModern geometry | ||
| 260 |
_aLondon _bMacmillan & Co. Ltd. _c1934 |
||
| 650 | _aModern | ||
| 650 | _ageometry | ||
| 690 | _aGeometry | ||
| 906 | _a007607 | ||
| 999 |
_c140146 _d140146 |
||